Santos FC Squad 2025 - Statistics

General Stats
  • This quiz has been taken 98 times
    85 since last reset
  • The average score is 18 of 36
Answer Stats
# Position Nation Player % Correct
10 FW Brazil Neymar
95%
77 GK Brazil Gabriel Brazão
89%
1 GK Brazil João Paulo
83%
22 MF Argentina Álvaro Barreal
75%
9 FW Brazil Tiquinho Soares
71%
8 MF Venezuela Tomás Rincón
71%
7 FW Venezuela Yeferson Soteldo
71%
32 FW Argentina Benjamín Rollheiser
70%
31 DF Argentina Gonzalo Escobar
65%
11 FW Brazil Guilherme
65%
14 DF Brazil Luan Peres
63%
33 DF Brazil Souza
62%
2 DF Brazil Zé Ivaldo
62%
- Coach Portugal Pedro Caixinha
59%
12 GK Brazil Diógenes
57%
4 DF Brazil Gil
56%
21 MF Brazil Diego Pituca
54%
44 DF Brazil JP Chermont
54%
6 MF Brazil Zé Rafael
52%
3 DF Brazil Basso
51%
49 MF Brazil Gabriel Bontempo
46%
16 MF Brazil Thaciano
46%
5 MF Brazil João Schmidt
44%
- Coach Brazil Cléber Xavier
43%
36 FW Brazil Deivid Washington
41%
25 DF Brazil Luisão
40%
29 DF Argentina Leonardo Godoy
35%
9 FW Argentina Julio Furch
32%
79 FW Brazil Luca Meirelles
30%
41 FW Brazil Mateus Xavier
24%
- Coach Brazil César Sampaio
21%
70 FW Brazil Gabriel Veron
21%
13 DF Brazil Aderlan
19%
30 DF Brazil Vinicius Lira
17%
14 MF Brazil Hyan
11%
38 DF Brazil Kevyson
11%
No matching quizzes found
Score Distribution
Percent of People with Each Score
Percentile by Number Answered
Your Score History
You have not taken this quiz since the last reset